<?xml version="1.0" encoding="UTF-8"?>
<marc:record xmlns:marc="http://www.loc.gov/MARC21/slim">
   <marc:leader>00000nam a2200000 a 4500</marc:leader>
   <marc:datafield ind1="1" ind2=" " tag="100">
      <marc:subfield code="a">Moser, Annette</marc:subfield>
      <marc:subfield code="4">aut</marc:subfield>
      <marc:subfield code="e">Verfasser/-in</marc:subfield>
   </marc:datafield>
   <marc:datafield ind1=" " ind2=" " tag="653">
      <marc:subfield code="a">Kinderbuch</marc:subfield>
   </marc:datafield>
   <marc:datafield ind1=" " ind2=" " tag="653">
      <marc:subfield code="a">02: Erstleser</marc:subfield>
   </marc:datafield>
   <marc:datafield ind1=" " ind2=" " tag="653">
      <marc:subfield code="a">Bücher für Leseanfänger</marc:subfield>
   </marc:datafield>
   <marc:datafield ind1=" " ind2=" " tag="653">
      <marc:subfield code="a">Kinder zum lesenlernen motivieren</marc:subfield>
   </marc:datafield>
   <marc:datafield ind1=" " ind2=" " tag="653">
      <marc:subfield code="a">Textverständnis deutsch trainieren</marc:subfield>
   </marc:datafield>
   <marc:datafield ind1=" " ind2=" " tag="653">
      <marc:subfield code="a">Klasse-deutsch</marc:subfield>
   </marc:datafield>
   <marc:datafield ind1=" " ind2=" " tag="653">
      <marc:subfield code="a">Antolin 1 Klasse</marc:subfield>
   </marc:datafield>
   <marc:datafield ind1=" " ind2=" " tag="653">
      <marc:subfield code="a">Einhörner Buch Lesenlernen</marc:subfield>
   </marc:datafield>
   <marc:datafield ind1=" " ind2=" " tag="653">
      <marc:subfield code="a">Erstlesebücher ab 6-Jahre</marc:subfield>
   </marc:datafield>
   <marc:datafield ind1=" " ind2=" " tag="653">
      <marc:subfield code="a">Arbeitsheft deutsch Textfragen</marc:subfield>
   </marc:datafield>
   <marc:datafield ind1=" " ind2=" " tag="653">
      <marc:subfield code="a">Klasse-lesen lernen</marc:subfield>
   </marc:datafield>
   <marc:datafield ind1=" " ind2=" " tag="653">
      <marc:subfield code="a">lesen lernen erstes selberlesen</marc:subfield>
   </marc:datafield>
   <marc:datafield ind1=" " ind2=" " tag="653">
      <marc:subfield code="a">Erstlesealter, Vorschulalter</marc:subfield>
   </marc:datafield>
   <marc:datafield ind1="0" ind2="0" tag="245">
      <marc:subfield code="a">Ein Stern für das kleine Einhorn</marc:subfield>
   </marc:datafield>
   <marc:datafield ind1=" " ind2="1" tag="264">
      <marc:subfield code="b">Loewe</marc:subfield>
      <marc:subfield code="c">2017</marc:subfield>
   </marc:datafield>
   <marc:datafield ind1="1" ind2=" " tag="490">
      <marc:subfield code="a">LeseLöwen</marc:subfield>
   </marc:datafield>
   <marc:datafield ind1="1" ind2=" " tag="520">
      <marc:subfield code="a">Das Buch ist bei deiner Buchhandlung vor Ort und bei vielen Online-Buchshops erhältlich!Das kleine Einhorn ist sehr neugierig und will alles erkunden  doch plötzlich steht es ganz allein auf der Wiese. Seine Herde ist weg! Schnell macht das Einhorn sich auf die Suche und begegnet dabei einem funkelnden Stern, der vom Himmel gepurzelt ist. Finden sie gemeinsam den Weg nach Hause? Lesenlernen ganz einfach - mit den Erstlesebüchern der Reihe Leselöwen für die 1. Klasse. Die Kinderbuch-Bestseller unterstützen mit vielen Extras das Textverständnis von Kindern ab 6 Jahren. Schenken Sie Ihrem Kind das bewährte Erfolgskonzept zum Lesenlernen.         Entdecke das Abenteuer des kleinen Einhorns   Seit über 45 Jahren lernen Kinder mit den Leselöwen erfolgreich lesen   Über 29 Millionen verkaufte Exemplare - Die Nr. 1 in Deutschland, Österreich und der Schweiz   Spannende Erstlesebücher, unverzichtbar zum Lesenlernen mit Spaß   Von Lehrern mitentwickelt und empfohlen, von Grundschülern getestet   Einfache, kurze Sätze in großer Fibelschrift unterstützen optimal den Leselern-Prozess   Genau auf die Interessen und Lesefähigkeiten von Grundschülern ausgerichtet   Mit Frage- und Übungsteil zur Förderung des Textverständnisses   Inklusive spannendem "Schon gewusst"-Sachwissen   Abwechslungsreiche Quizfragen auf Antolin steigern die Lesemotivation</marc:subfield>
   </marc:datafield>
   <marc:datafield ind1=" " ind2=" " tag="020">
      <marc:subfield code="a">9783785586020</marc:subfield>
      <marc:subfield code="9">9783785586020</marc:subfield>
   </marc:datafield>
</marc:record>
